| 000 | 00881nam a2200253Ia 4500 | ||
|---|---|---|---|
| 001 | 21707 | ||
| 005 | 20260420114958.0 | ||
| 008 | 260320s9999||||xx |||||||||||||| ||und|| | ||
| 020 | _a9789564070605 | ||
| 041 | _aESP | ||
| 082 |
_a345.7 _bS29 |
||
| 100 |
_aSchwab, Karl Heinz, _eAUT |
||
| 245 | 0 | _aEl objeto litigioso en el proceso civil | |
| 250 | _aPrimera edición | ||
| 260 |
_aSantiago : _bEdiciones Olejnik, _c2025 |
||
| 300 |
_a243 páginas : _c24 cm. |
||
| 440 | _a(Biblioteca de derecho procesal) | ||
| 650 | _aCIS | ||
| 653 | _aDerecho procesal civil | ||
| 654 | _aDER | ||
| 856 |
_uhttps://0u214x75q-y-https-app-vlex-com.itmsp.museknowledge.com/ _zVéase además: Base de datos Vlex |
||
| 856 |
_uhttps://0u21bx765-y-https-palestra-tirantonline-com.itmsp.museknowledge.com/base/per _zVéase además: Base de datos Tirant Palestra |
||
| 942 |
_cLIB _dJUS _fMAT _2ddc |
||
| 999 |
_c21707 _d21707 |
||